| 000 | 00515nam a22001817a 4500 | ||
|---|---|---|---|
| 008 | 230705b |||||||| |||| 00| 0 eng d | ||
| 020 | _a9789350002117 | ||
| 040 |
_aNational Science Library _cNational Science Library |
||
| 080 |
_a82-32POK _bQ2 |
||
| 100 | _aNishank, Ramesh Pokhriyal | ||
| 245 | _aटूटते दायरे | ||
| 246 | _aTootate dayare | ||
| 260 |
_aNew Delhi: _bVani Prakashan, _c2012 |
||
| 300 | _a162p. | ||
| 365 |
_b295.00 _cINR |
||
| 650 | _aHindi literature | ||
| 942 |
_2udc _cHBK |
||
| 999 |
_c49448 _d49448 |
||